000 009560000a22002530004500
003 EG-GICUC
005 20250223030114.0
008 091022s1974 ua f m 000 0 ara d
040 _aEG-GiCUC
_bara
_cEG-GiCUC
041 0 _aara
049 _aايداع
097 _aدكتوراه
099 _aCai01.02.06.Ph.D.1974.عل.ت
100 0 _aعلى عباس علوان
245 1 2 _aالتطور فى الشعر العراقى الحديث /
_cعلى عباس علوان ؛ اشراف سهير القلماوى
260 _aالقاهرة :
_bعلى عباس علوان :
_c1974
300 _a555ورقة ؛
_c30سم
502 _aاطروحة(دكتوراه) - جامعة القاهرة - كلية الاداب - قسم اللغة العربية وادابها
700 0 _aسهير القلماوى :
_eمشرف
856 _uhttp://172.23.153.220/th.pdf
905 _aNazla
_eRevisor
905 _aSoheir
_eCataloger
942 _2ddc
_cTH
999 _c27620
_d27620